000 00962nam a2200301 i 4500
001 47842
003 ES-MaACL
005 20250904063047.0
007 t|
008 030528e2000 sp |r 00100 spa j
017 _aLE 1361-2000
_bOficina Depósito Legal León
020 _a84-923763-1-7
040 _aM-BN
_bspa
_cM-BN
080 _a517.52
080 _a517
100 1 _aDíez Díez, Pedro
_eaut
_eedt
_944721
245 1 0 _aSucesiones y límites /
_cPedro Díez Díez
250 _a1ª ed.
260 _aLeón (Escuela de Ingenieria Agraria, Avda. de Portugal) :
_bP. Díez,
_c2000
300 _a624 páginas ;
_c25 cm
594 _aEn cubierta, además: Fundamentos y problemas resueltos
650 7 _aSucesiones (Matemáticas)
_2embne
_917246
650 7 _aCálculo
_2embne
_910668
852 4 _aES-MaACL
_bR.132187
_cDEPO2
_jL-26356
942 _cMONOGRAFIA
_n0
999 _c47842
_d47842